000 01072 a2200217 4500
005 2008091007577.0
008 080910t xxu||||| |||| 00| 0 hin d
010 _aHIN-79557
020 _a8189612492
_c595.00
035 _aHN-51903
037 _bD.B.Act / pub
082 _a370.1
100 _aश्याम सिंह
245 _aशिक्षा दर्शन
_cश्याम सिंह
246 _aShiksha Darshan
_bby Shyam Singh
260 _aनई दिल्ली
_bओमेगा पब्लिकेशन्स
_c2006
270 _a4398/5, अंसारी रोड, दरियागंज
_bनई दिल्ली
_e110002
_k55901906
_mgph2004@yahoo.com.in
300 _a268पृ
_c22 सेमी (सजिल्द)
942 _adpl
_cHN
_k370.1 / श्यामसिं
_2ddc
_h370.1
_mश्यामसिं
999 _c2965
_d2965